Neural networks and statistical learning / (Record no. 18974)
[ view plain ]
| 000 -LEADER | |
|---|---|
| fixed length control field | 00831cam a22002535i 4500 |
| 001 - CONTROL NUMBER | |
| control field | 17865123 |
| 005 - DATE AND TIME OF LATEST TRANSACTION | |
| control field | 20201128021211.0 |
| 008 - FIXED-LENGTH DATA ELEMENTS--GENERAL INFORMATION | |
| fixed length control field | 130826t2014 xxka frb 001 0 eng d |
| 020 ## - INTERNATIONAL STANDARD BOOK NUMBER | |
| International Standard Book Number | 9781447155706 |
| 040 ## - CATALOGING SOURCE | |
| Original cataloging agency | DLC |
| Language of cataloging | eng |
| Transcribing agency | DLC |
| Modifying agency | DLC |
| -- | EG-ScBUE |
| 082 00 - DEWEY DECIMAL CLASSIFICATION NUMBER | |
| Edition number | 22 |
| Classification number | 006.32 |
| Item number | DUK |
| 100 1# - MAIN ENTRY--PERSONAL NAME | |
| Personal name | Du, K.-L. |
| 9 (RLIN) | 37403 |
| 245 10 - TITLE STATEMENT | |
| Title | Neural networks and statistical learning / |
| Statement of responsibility, etc | Ke -Lin Du, M. N. S. Swamy. |
| 260 ## - PUBLICATION, DISTRIBUTION, ETC. (IMPRINT) | |
| Place of publication, distribution, etc | London : |
| Name of publisher, distributor, etc | Springer, |
| Date of publication, distribution, etc | c.2014 |
| Manufacturer | (Acid-free paper) |
| 300 ## - PHYSICAL DESCRIPTION | |
| Extent | xxvii, 824 p. : |
| Other physical details | ill. (col.) ; |
| Dimensions | 24 cm. |
| 500 ## - GENERAL NOTE | |
| General note | Includes appendixes. |
| 500 ## - GENERAL NOTE | |
| General note | Index : p. 815-824. |
| 504 ## - BIBLIOGRAPHY, ETC. NOTE | |
| Bibliography, etc | Includes bibliographical references. |
| 650 #0 - SUBJECT ADDED ENTRY--TOPICAL TERM | |
| 9 (RLIN) | 2046 |
| Topical term or geographic name as entry element | Neural networks (Computer science) |
| 653 ## - INDEX TERM--UNCONTROLLED | |
| Resource For college | Informatics and Computer Science |
| Arrived date list | February2015 |
| 655 ## - INDEX TERM--GENRE/FORM | |
| Form subdivision | |
| -- | 34232 |
| 700 1# - ADDED ENTRY--PERSONAL NAME | |
| Personal name | Swamy, M. N. S. |
| 9 (RLIN) | 37404 |
| 942 ## - ADDED ENTRY ELEMENTS (KOHA) | |
| Source of classification or shelving scheme | Dewey Decimal Classification |
| Call number prefix | 006.32 DUK |
| Withdrawn status | Item status | Source of classification or shelving scheme | Damaged status | Not for loan | Vendor | Home library | Current library | Shelving location | Date acquired | Source of acquisition | Cost, normal purchase price | Serial Enumeration / chronology | Total Checkouts | Total Renewals | Full call number | Barcode | Date last seen | Date last borrowed | Cost, replacement price | Koha item type |
|---|---|---|---|---|---|---|---|---|---|---|---|---|---|---|---|---|---|---|---|---|
| Dewey Decimal Classification | Baccah | Central Library | Central Library | Lower Floor | 15/02/2015 | 787.00 | 21291 | 1 | 2 | 006.32 DUK | 000037403 | 15/07/2025 | 15/04/2025 | 984.00 | Book - Borrowing | |||||
| Dewey Decimal Classification | Baccah | Central Library | Central Library | Lower Floor | 15/02/2015 | 787.00 | 21291 | 006.32 DUK | 000037404 | 15/07/2025 | 984.00 | Book - Borrowing | ||||||||
| Dewey Decimal Classification | Baccah | Central Library | Central Library | Lower Floor | 15/02/2015 | 787.00 | 21291 | 006.32 DUK | 000037405 | 15/07/2025 | 984.00 | Book - Borrowing |